Kwanzaa Multiple Choice - Statistics

General Stats
  • This quiz has been taken 18 times
  • The average score is 5 of 15
Answer Stats
Question Answer % Correct
In what year was Kwanzaa first celebrated? 1966.
63%
Kwanzaa is a multi-day celebration occurring mostly in what month? December.
63%
Kwanzaa is a celebration of which culture? African American.
50%
The official greeting of Kwanzaa is "Habari gani?" which means "How are you?" What language does the official greeting come from? Swahili.
50%
There are seven principles of Kwanzaa, called the Nguzo Saba. Which of these is not one of those principles? Evangelism.
38%
The founder of Kwanzaa recommends which of these to mark the final day of Kwanzaa? Quiet reflection or meditation.
38%
There are seven principles of Kwanzaa, called the Nguzo Saba. Which of these is not one of those principles? Revenge.
38%
Kwanzaa celebrations place importance on displaying beautiful objects celebrating culture. Which of these is not one of the official colors of Kwanzaa? White.
38%
Gifts at Kwanzaa are given primarily to children and must include which of these? A book and a heritage symbol.
25%
The primary symbols of Kwanzaa do not include a map celebrating the diaspora.
25%
Who founded Kwanzaa? Dr. Maulana Karenga.
25%
At a Kwanzaa celebration, you will likely find many people wearing what type of cloth? Kente.
25%
Families mark the seven days of Kwanzaa by doing this each day. Lighting a candle.
25%
The correct answer to the Kwanzaa question "Habari gani?" (How are you?) depends on which of these? Which day of Kwanzaa the question is asked.
25%
Corn is a special symbol of Kwanzaa. What does it represent? Children and their role in the future.
0%
No matching quizzes found
Score Distribution
Percent of People with Each Score
Percentile by Number Answered
Your Score History
You have not taken this quiz